00221nam a2200085Ia 4500100001900000654001500019245004900034260004000083546001200123 aPeatfield/A.E  aMechanical aTeach Yourself Mechanical engineering Vol I bEnglish language book societyc2001 aENGLISH